Spanish 5000 #10 - Adjectives (Medium-Difficulty) - Statistics

General Stats
  • This quiz has been taken 66 times
  • The average score is 124 of 236
Answer Stats
English Spanish % Correct
active activo
93%
automatic automático
87%
classic clásico
87%
Mexican mexicano
87%
modern moderno
87%
authentic auténtico
83%
tired, tiresome cansado
83%
romantic romántico
83%
open, unlocked abierto
80%
artificial artificial
80%
effective efectivo
80%
federal federal
80%
modest, humble modesto
80%
native nativo
80%
oral oral
80%
prepared preparado
80%
artistic artístico
77%
happy, content contento
77%
criminal criminal
77%
digital digital
77%
ill, sick enfermo
77%
fabulous, fantastic fabuloso
77%
global, overall global
77%
national nacional
77%
possible posible
77%
positive positivo
77%
private privado
77%
married casado
73%
weak débil
73%
thin, skinny delgado
73%
famous, well-known famoso
73%
furious furioso
73%
impatient impaciente
73%
interesting interesante
73%
long largo
73%
next próximo
73%
civil civil
70%
direct, straight directo
70%
efficient eficiente
70%
energetic energético
70%
essential esencial
70%
specific específico
70%
extreme extremo
70%
fried frito
70%
indirect indirecto
70%
industrial industrial
70%
naval naval
70%
organized organizado
70%
worried, concerned preocupado
70%
professional profesional
70%
religious religioso
70%
blond, fair rubio
70%
curious, strange curioso
67%
delicate delicado
67%
written escrito
67%
experimental experimental
67%
strange, foreign extraño
67%
fantastic, unreal fantástico
67%
functional funcional
67%
indifferent indiferente
67%
infinite infinito
67%
international internacional
67%
legal legal
67%
liberal liberal
67%
best, better (ADV) mejor
67%
less, fewer menos
67%
wet mojado
67%
worse, worst peor
67%
solar solar
67%
Christian cristiano
63%
respectable, decent decente
63%
physical físico
63%
frustrated frustrado
63%
imaginary imaginario
63%
initial inicial
63%
ready, clever, smart listo
63%
medical médico
63%
lost perdido
63%
productive, profitable productivo
63%
safe, sure, secure seguro
63%
symbolic simbólico
63%
considerable considerable
60%
conventional convencional
60%
convenient conveniente
60%
dominant, prevailing dominante
60%
fragile, weak frágil
60%
unfair, unjust injusto
60%
innocent, naïve inocente
60%
insufficient insuficiente
60%
intellectual intelectual
60%
clean limpio
60%
magic, magical mágico
60%
younger, youngest menor
60%
mortal, lethal, deadly mortal
60%
dark, obscure oscuro
60%
particular, peculiar particular
60%
political político
60%
beautiful, precious precioso
60%
reserved, booked reservado
60%
severe severo
60%
sophisticated sofisticado
60%
early temprano
60%
urgent urgente
60%
fourth cuarto
57%
slow, slowly despacio
57%
available disponible
57%
horizontal horizontal
57%
logical lógico
57%
military militar
57%
proud, arrogant orgulloso
57%
permanent permanente
57%
own, proper, typical propio
57%
ridiculous, absurd ridículo
57%
sixth sexto
57%
sincere sincero
57%
traditional tradicional
57%
acceptable, suitable aceptable
53%
celebrated, famous celebrado
53%
extraordinary, exceptional extraordinario
53%
fine, delicate fino
53%
pretty, nice, lovely lindo
53%
marine, naval marino
53%
molecular molecular
53%
mobile móvil
53%
nuclear nuclear
53%
offensive, aggressive ofensivo
53%
official, authorized oficial
53%
peculiar peculiar
53%
sensible, prudent prudente
53%
respective respectivo
53%
single, bachelor soltero
53%
tropical tropical
53%
awake despierto
50%
frequent frecuente
50%
beautiful, lovely hermoso
50%
identical idéntico
50%
independent, self-sufficient independiente
50%
inevitable, unavoidable inevitable
50%
intense, acute intenso
50%
Latin American latinoamericano
50%
limited limitado
50%
partial, biased parcial
50%
superficial superficial
50%
timid, shy, half-hearted tímido
50%
empty, vacant vacío
50%
red, colored colorado
47%
competent, able competente
47%
square cuadrado
47%
exceptional, unusual excepcional
47%
fictitious ficticio
47%
moderate, mild moderado
47%
annoyed, bothered, upset molesto
47%
multiple, many múltiple
47%
optimum óptimo
47%
technical técnico
47%
virtual, potential virtual
47%
humid, damp húmedo
43%
masculine, manly, male masculino
43%
mathematical matemático
43%
municipal, town municipal
43%
powerful poderoso
43%
practical, skillful práctico
43%
solitary, lonely solitario
43%
dirty, filthy, underhanded sucio
43%
urban, city, urbane urbano
43%
scared, frightened asustado
40%
brief, short breve
40%
near cercano
40%
indispensable, essential indispensable
40%
innumerable, countless innumerable
40%
insignificant insignificante
40%
side, lateral lateral
40%
mass, massive masivo
40%
larger, older, main mayor
40%
mutual mutuo
40%
preferable preferible
40%
remote, far-off remoto
40%
healthy, wholesome saludable
40%
following, next siguiente
40%
subjective subjetivo
40%
technological tecnológico
40%
heavy, dense, thick denso
37%
narrow estrecho
37%
forced, stiff forzado
37%
free, arbitrary, gratuitous gratuito
37%
bright, luminous luminoso
37%
magnificent, splendid magnífico
37%
peaceful pacífico
37%
flat, plain, even, level plano
37%
tight, tense tenso
37%
vulgar, common, banal vulgar
37%
firm, steady firme
33%
inconvenience, drawback inconveniente
33%
punctual puntual
33%
round redondo
33%
respectful respetuoso
33%
territorial, regional territorial
33%
transparent, clear transparente
33%
tremendous, dreadful, huge tremendo
33%
useful útil
33%
vast, immense, huge vasto
33%
vulnerable vulnerable
33%
conscious, aware consciente
30%
extensive, large extenso
30%
comprehensive, integral, built-in integral
30%
interim, intermediate intermedio
30%
endless, interminable interminable
30%
optimistic optimista
30%
varied, mixed variado
30%
happy, lively, cheerful alegre
27%
quiet, reserved callado
27%
tough, resistant, durable resistente
27%
satisfactory satisfactorio
27%
deaf, dull sordo
27%
supposed, por s.: of course supuesto
27%
worn out, old, used usado
27%
appropriate apropiado
23%
growing, increasing creciente
23%
rear, backside posterior
23%
right, straight, honest recto
20%
subtle sutil
20%
temporary temporal
20%
wise, learned sabio
17%
telephone telefónico
17%
still, motionless, calm quieto
13%
rigorous, severe riguroso
13%
significant, meaningful significativo
13%
surprising, astonishing sorprendente
13%
sustainable sostenible
13%
university universitario
13%
late, belated tardío
10%
tiny chiquito
7%
mid, middle mediado
7%
sudden súbito
7%
fearful temeroso
7%
remaining, leftover restante
3%
No matching quizzes found
Score Distribution
Percent of People with Each Score
Percentile by Number Answered
Your Score History
You have not taken this quiz